Flugziele vom Bodensee-Airport Friedrichshafen (FDH) - Statistiken

Allgemein
  • Dieses Quiz wurde 47 mal gespielt
  • Das Durchschnittsergebnis liegt bei 7 aus 16
Antwortstatistiken
Land Airline(s) Antwort % Korrekt
Griechenland S Aegean Rhodos / RHO
90%
Dänemark W Airseven,Norwegian Kopenhagen / CPH
88%
Türkei Corendon,Freebird Antalya / AYT
78%
Vereinigtes Königreich W Easy Jet London-Gatwick / LGW
78%
Spanien Alba Star,Condor Palma de Mallorca / PMI
75%
Nordmazedonien Wizz Air Skopje / SKP
70%
Ägypten Corendon Hurghada / HRG
68%
Griechenland Aegean,Marabu Heraklion / HER
50%
Spanien S Smartwings Gran Canaria / LPA
33%
Vereinigtes Königreich W Easy Jet Belfast / BFS
25%
Frankreich S Avanti Air Calvi / CLY
18%
Italien C Sundair Lamezia Terme / SUF
18%
Vereinigtes Königreich C Blue Islands Jersey / JER
15%
Italien S Rhein-Neckar-Air Elba / EBA
10%
Griechenland S Avanti Air Preveza / PVK
8%
Finnland C Smartwings Kuusamo / KAO
5%
Keine übereinstimmenden Quizze gefunden
Verteilung der Resultate
Anzahl Personen mit jedem Resultat
Perzentil nach korrekt beantworteten Fragen
Ihre Resultats-Entwicklung
Sie haben dieses Quiz noch nicht gespielt